Hình học 12
Nội dung giới thiệu các phương pháp tọa độ, hình học không gian, toạ độ trong không gian và các bài toán về tính khoảng cách giữa hai điểm có tọa độ.
সংরক্ষণ করুন:
| প্রধান লেখক: | |
|---|---|
| বিন্যাস: | গ্রন্থ |
| ভাষা: | Undetermined |
| প্রকাশিত: |
Hà Nội
Giáo dục Việt Nam
2016
|
| বিষয়গুলি: | |
| ট্যাগগুলো: |
ট্যাগ যুক্ত করুন
কোনো ট্যাগ নেই, প্রথমজন হিসাবে ট্যাগ করুন!
|
| Thư viện lưu trữ: | Trung tâm Học liệu Trường Đại học Cần Thơ |
|---|
| LEADER | 00858nam a2200217Ia 4500 | ||
|---|---|---|---|
| 001 | CTU_216905 | ||
| 008 | 210402s9999 xx 000 0 und d | ||
| 020 | |c 5900 | ||
| 082 | |a 516.00712 | ||
| 082 | |b H108 | ||
| 100 | |a Trần, Văn Hạo | ||
| 245 | 0 | |a Hình học 12 | |
| 245 | 0 | |c Trần Văn Hạo (Tổng chủ biên) | |
| 260 | |a Hà Nội | ||
| 260 | |b Giáo dục Việt Nam | ||
| 260 | |c 2016 | ||
| 520 | |a Nội dung giới thiệu các phương pháp tọa độ, hình học không gian, toạ độ trong không gian và các bài toán về tính khoảng cách giữa hai điểm có tọa độ. | ||
| 650 | |a Geometry,Hình học | ||
| 650 | |x Study and teaching (Secondary),Dạy và học (Trung học) | ||
| 904 | |i Hải | ||
| 980 | |a Trung tâm Học liệu Trường Đại học Cần Thơ | ||